Food, nutrition and agriculture : (Record no. 124719)

MARC details
000 -LEADER
fixed length control field 00834nam a22002297a 4500
005 - DATE AND TIME OF LATEST TRANSACTION
control field 20170124105943.0
010 ## - LIBRARY OF CONGRESS CONTROL NUMBER
LC control number A-945393
020 ## - INTERNATIONAL STANDARD BOOK NUMBER
Terms of availability 00.00
International Standard Book Number 8173912882
035 ## - SYSTEM CONTROL NUMBER
System control number A-945393
037 ## - SOURCE OF ACQUISITION
Source of stock number/acquisition Cen Lib/Ret
040 ## - CATALOGING SOURCE
Original cataloging agency DPL
Language of cataloging EN
082 ## - DEWEY DECIMAL CLASSIFICATION NUMBER
Classification number 338.47664
Item number MEN
100 ## - MAIN ENTRY--PERSONAL NAME
Personal name Menon, Sreelata
9 (RLIN) 11730
245 ## - TITLE STATEMENT
Title Food, nutrition and agriculture :
Statement of responsibility, etc by Sreelata Menon
Remainder of title crisis management and technological innovation /
260 ## - PUBLICATION, DISTRIBUTION, ETC. (IMPRINT)
Place of publication, distribution, etc New Delhi
Name of publisher, distributor, etc Kanishka Publishers
Date of publication, distribution, etc 1999
270 ## - ADDRESS
City New Delhi
Address 4697/5-21A, Ansari Road, Darya Ganj
Postal code 110002
300 ## - PHYSICAL DESCRIPTION
Extent vi, 312p.
Dimensions 22cm(Hb)
500 ## - GENERAL NOTE
General note Includes bibliographical references and index<br/>
650 ## - SUBJECT ADDED ENTRY--TOPICAL TERM
Topical term or geographic name as entry element Nutrition policy -- Developing countries
9 (RLIN) 11731
650 ## - SUBJECT ADDED ENTRY--TOPICAL TERM
Topical term or geographic name as entry element Agricultural education -- Technological innovations
9 (RLIN) 11732
942 ## - ADDED ENTRY ELEMENTS (KOHA)
Source of classification or shelving scheme Dewey Decimal Classification
Koha item type English Books
Classification part 338.47664
Call number suffix MEN
Holdings
Withdrawn status Lost status Damaged status Not for loan Home library Current library Date acquired Source of acquisition Cost, normal purchase price Total Checkouts Full call number Barcode Date last seen Copy number Cost, replacement price Price effective from Koha item type
        Central Library Central Library 18/06/2015 Cen Lib/Ret 0.00   338.47664 MEN A-945393 18/06/2015 1 0.00 18/06/2015 English Books

© Delhi Public Library
Hit Counter
free hit counter